| 000 | 00596nam a2200241 a 4500 | ||
|---|---|---|---|
| 001 | 0001-1262 | ||
| 003 | ELIB.Books | ||
| 008 | 150618 2010 eng | ||
| 020 | _a0786865091 | ||
| 035 | _a(ELIB.Books)0001-1417 | ||
| 092 |
_a306.7 _bCar |
||
| 100 | _aCarlson, Richard | ||
| 245 | _aDon't Sweat The Small Stuff in Love | ||
| 260 |
_aNew York _bHyperion Press _c1999 |
||
| 300 |
_a269 _c17.3 Cm |
||
| 500 | _aLibrary | ||
| 650 | _aLove | ||
| 856 |
_nKBTS: Library _uKBTS: Elib |
||
| 942 |
_2ddc _cBK |
||
| 990 | _a1 | ||
| 998 |
_cbat _e2015-06-18 |
||
| 999 |
_c11262 _d11262 |
||